Normal view
MARC view
- Albertos , P
Entry Personal Name
001 - CONTROL NUMBER
- control field: 99304
003 - CONTROL NUMBER IDENTIFIER
- control field: NUST
005 - DATE AND TIME OF LATEST TRANSACTION
- control field: 20221006133915.0
008 - FIXED-LENGTH DATA ELEMENTS
- fixed length control field: 221006|| aca||aabn | a|a d
040 ## - CATALOGING SOURCE
- Original cataloging agency: NUST
- Transcribing agency: NUST
100 ## - HEADING--PERSONAL NAME
- Personal name: Albertos , P
670 ## - SOURCE DATA FOUND
- Source citation: Work cat.: (NUST)189075: Albertos , P., Multivariable control systems :, c2004.
